Isues in cultural tourism studies

The extensively revised second edition of Issues in Cultural Tourism Studies provides a new framework for analyzing the complexity of cultural tourism and its increasing globalization in existing as well as emergent destinations of the world. The book will focus in particular on the need for even mo...

Szczegółowa specyfikacja

Zapisane w:
Opis bibliograficzny
1. autor: Smith, Melanie K.
Format: Książka
Język:Undetermined
Wydane: London Routledge 2009
Hasła przedmiotowe:
Etykiety: Dodaj etykietę
Nie ma etykietki, Dołącz pierwszą etykiete!
Thư viện lưu trữ: Trung tâm Học liệu Trường Đại học Cần Thơ
LEADER 01547nam a2200205Ia 4500
001 CTU_183640
008 210402s9999 xx 000 0 und d
020 |c 924000 
082 |a 338.4791 
082 |b S655 
100 |a Smith, Melanie K. 
245 0 |a Isues in cultural tourism studies 
245 0 |c Melanie K. Smith 
260 |a London 
260 |b Routledge 
260 |c 2009 
520 |a The extensively revised second edition of Issues in Cultural Tourism Studies provides a new framework for analyzing the complexity of cultural tourism and its increasing globalization in existing as well as emergent destinations of the world. The book will focus in particular on the need for even more creative tourism strategies to differentiate destinations from each other using a blend of localized cultural products and innovative global attractions." "The book explores many of the most pertinent issues in heritage, arts, festivals, indigenous, ethnic and experiential cultural tourism in urban and rural environments alike. This includes policy and politics; impact management and sustainable development; interpretation and representation; marketing and branding; and regeneration and planning. As well as exploring the inter-relationships between the cultural and tourism sectors, local people and tourists, the book provides suggestions for more effective and mutually beneficial -- collaboration 
650 |a Du lịch di sản,Heritage tourism 
904 |i Ngà,Hải 
980 |a Trung tâm Học liệu Trường Đại học Cần Thơ